| 000 | 00783nam a22002177a 4500 | ||
|---|---|---|---|
| 999 |
_c10953 _d10953 |
||
| 003 | AR-CdUCM | ||
| 008 | 190401b ||||| |||| 00| 0 spa d | ||
| 040 |
_aMUNICIPALIDAD PROVINCIAL DEL CUSCO _cBIBLIOTECA MUNICIPAL DEL CUSCO |
||
| 082 |
_aEP / 521 / _bD71 |
||
| 100 |
_aDisney, Walt _927263 |
||
| 245 |
_aEl hombre y los satélites meteorológicos : _bUna aventura en la tierra del mañana / |
||
| 260 |
_aMéxico : _bFernández editores, _c1962. |
||
| 300 |
_a56 paginas ; _c23 cm. |
||
| 505 | _aContenido :El hombre y los satélites meteorológicos. | ||
| 650 |
_aCuentos infantiles _93927 |
||
| 650 |
_aHistorietas _910786 |
||
| 700 |
_aMartínez Gil, Ana María (traductora) _928034 |
||
| 700 |
_aWinter, Willy de (traductor) _928035 |
||
| 942 |
_2ddc _cLIBROS |
||
| 945 | _arum | ||